Normal view
MARC view
- Sensor networks
Entry Topical Term
001 - CONTROL NUMBER
- control field: 94573
003 - CONTROL NUMBER IDENTIFIER
- control field: NUST
005 - DATE AND TIME OF LATEST TRANSACTION
- control field: 20220722123732.0
008 - FIXED-LENGTH DATA ELEMENTS
- fixed length control field: 220722|| aca||aabn | a|a d
040 ## - CATALOGING SOURCE
- Original cataloging agency: NUST
- Transcribing agency: NUST
150 ## - HEADING--TOPICAL TERM
- Topical term or geographic name entry element: Sensor networks
670 ## - SOURCE DATA FOUND
- Source citation: Work cat.: (NUST)179733: Santi, Paolo. 94572, Topology control in wireless ad hoc and sensor networks /, c2005.
